000
00246nam a2200097Ia 4500
001
653848
005
20250826154506.0
008
250824s9999 xx 000 0 und d
245
0
_a
3.GİZEMLİ GÜNLER
_c
SEVGİ SAYGI
260
_b
GÜNIŞIĞI YAYINLARI
999
_c
653848
_d
653848